Stations du tramway de Montpellier sur une carte - Statistiques

Statistiques générales
  • Ce quiz a été pris 1 882 fois
    405 depuis la dernière actualisation
  • Le résultat moyen est 69 sur 131
Réponses sur la Carte
Les réponses sont colorées sur une échelle allant du rouge au vert en fonction du pourcentage des utilisateurs qui les ont devinées à leur premier essai. Vous pouvez retrouver ces pourcentages ci-dessous.
 
Statistiques - réponses
Ligne Arrêt % Correct
1 | 2 Gare Saint-Roch
94%
3 | 4 Gare Saint-Roch - République
94%
1 | 3 Mosson
93%
1 | 2 Comédie
91%
1 Odysseum
89%
1 | 2 | 4 Corum
85%
1 Gare Sud de France
82%
3 Lattes Centre
78%
1 Louis Blanc - Agora de la Danse
77%
1 Antigone
76%
2 Saint-Jean-de-Védas Centre
76%
2 Jacou
74%
3 Juvignac
74%
1 Saint-Éloi
73%
5 Saint-Éloi - Docteur Pezet
73%
1 Mondial 98
72%
1 | 4 Place de l'Europe
72%
1 | 5 Albert 1er - Saint-Charles
70%
1 | 5 Boutonnet - Cité des Arts
70%
4 Garcia Lorca
70%
1 Place de France
70%
1 | 3 Port Marianne
70%
1 | 4 Rives du Lez
70%
3 Rives du Lez - Consuls de Mer
70%
2 Sabines
70%
4 | 5 Albert 1er - Jardin des Plantes
69%
3 | 4 Observatoire
69%
3 Pérols Étang de l'Or
69%
1 | 5 Stade Philippidès
69%
1 | 3 Moularès (Hôtel de Ville)
68%
4 | 5 Peyrou - Arc De Triomphe
63%
1 Château d'Ô
61%
1 Léon Blum
61%
1 Stade de la Mosson
61%
1 Hôpital Lapeyronie
60%
2 | 4 Nouveau Saint-Roch
60%
1 Halles de la Paillade
59%
1 Millénaire
59%
5 Clapiers
58%
3 Les Arceaux
56%
1 Malbosc - Domaine d'Ô
56%
3 Plan Cabanes
55%
2 Beaux-Arts
54%
4 Georges Frêche - Hôtel de Ville
54%
2 Notre-Dame de Sablassou
54%
2 | 4 Rondelet
54%
1 Euromédecine
53%
3 Jules Guesde
53%
3 Astruc
52%
1 Du Guesclin
52%
3 Pérols Centre
52%
3 Pablo Picasso
51%
2 Charles de Gaulle
50%
3 Boirargues
49%
5 Gambetta
49%
3 Gambetta - Chaptal
49%
5 Université Paul Valéry
49%
3 Celleneuve
48%
3 Tonnelles
48%
3 Voltaire
48%
3 Parc Expo
47%
4 Saint Guilhem - Courreau
47%
5 Saint-Guilhem - Courreau
47%
1 Hauts de Massane
46%
1 Saint-Paul
46%
4 Les Aubes
45%
3 Place Carnot
45%
4 Pompignane
45%
3 Hôtel du Département
44%
3 Pergola
44%
2 Victoire 2
44%
2 Lemasson
42%
2 Aiguelongue
41%
2 Croix d'Argent
41%
5 Grés de Montpellier
38%
2 Jeu de Mail des Abbés
38%
2 Mas Drevon
38%
3 ÉcoPôle
37%
4 Restanque
37%
2 Saint-Cléophas
37%
2 Saint-Jean-le-Sec
36%
3 Cougourlude
35%
3 Pilory
35%
5 Parc Clémenceau
34%
2 Georges Pompidou
32%
4 La Rauze
32%
2 Saint-Lazare
32%
2 Aube Rouge
30%
1 Université Montpellier - Triolet
30%
3 Soriech
29%
2 La Condamine
28%
2 Villeneuve d'Angoulême
28%
1 Occitanie - Hopitaux - Faculté
27%
2 Via Domitia
27%
2 La Galine
26%
5 CNRS - Zoo de Lunaret
25%
2 Centurions
24%
5 Cité Créative - Parc Montcalm
24%
5 Ovalie
24%
2 Clairval
23%
5 Montferrier-sur-Lez
23%
5 Agropolis
21%
5 Place du 8 Mai 1945
21%
5 Pôle Chimie Balard
20%
5 Plan des 4 Seigneurs
18%
5 Estanove
16%
4 Louis Blanc - Agora de la Danse
16%
4 Saint-Martin le Jam
13%
5 Yves du Manoir
13%
5 Chamberte - Les Roses
12%
5 Parc des Bouisses
11%
5 Parc Font-Colombe
11%
5 Parc Bagatelle
10%
Aucun quiz correspondant
Distribution des résultats
% des personnes avec chaque résultat
Percentile par nombre de réponses
Votre historique - résultats
Vous n’avez pas pris ce quiz depuis la dernière actualisation